000 00500nam a22001937a 4500
003 Ost
005 20250609103032.0
008 250609b |||||||| |||| 00| 0 eng d
020 _a9781449344764
040 _cBT-PhCST
050 _a25357
082 _222
_a004.6
_bGRI
100 _aGrigorik, Ilya.
245 _aHigh performance browser networking /
260 _aThe USA :
_bO'reilly Media,
_cc2013
300 _axvii, 379 p. :
_bill, ;
_c24 cm.
500 _aIncludes Index.
942 _2ddc
_cSE
999 _c10012
_d10012